000 00978nas a2200301 4500
001 BR2022000931
003 BR-BrBNA
005 20231205132323.0
007 ta
008 230509b bl.|||p| |||| 00| 00por d
040 _aBR-BrBNA
_bpor
_cBiblioteca Nacional de Agricultura
041 _a(En)
072 _aF40; F60; F04
100 1 _aCecchin, K.
100 1 _aFavaretto, A.
100 1 _aScheffer-Basso, S.M.
100 1 _aBertol, C.D.
100 1 _aChini, S.O.
245 1 _aAllelopathy and allelochemicals of Eragrostis plana (Poaceae)and its relation with phenology and nitrogen fertilization
650 _aERAGROSTIS PLANA
650 _aGERMINAÇÃO
650 _aALELOPATIA
650 _aAGROECOLOGIA
773 0 _tPlanta Daninha (Brazil)
_xISSN 1806-9681
_g(2017), v. 35 p. 1-12
_wBR2022000931
856 4 0 _uhttps://www.scielo.br/j/pd/a/vdhxsxQV54RBvqBWxVBLJRP/?format=pdf lang=en
909 _a202311
_bLúcia
_c55
_dLúcia Elande
942 _2AGRIS
_n0
_cANA
999 _c259677
_d259677